Formulación y evaluación de proyectos de inversión (Registro nro. 36546)

Detalles MARC
000 -CABECERA
Longitud fija campo de control 00688nam a22002177a 4500
003 - IDENTIFICADOR DELl NÚMERO DE CONTROL
Identificador del número de control OSt
005 - FECHA Y HORA DE LA ÚLTIMA TRANSACCIÓN
Fecha y hora de la última transacción 20260409093218.0
008 - CÓDIGOS DE INFORMACIÓN DE LONGITUD FIJA
Códigos de información de longitud fija 131029b2013 mex spa
020 ## - NÚMERO INTERNACIONAL NORMALIZADO PARA LIBROS
Número Internacional Normalizado para Libros (ISBN) 978-607-8552-42-9
040 ## - FUENTE DE LA CATALOGACIÓN
Centro transcriptor BMC
082 ## - NÚMERO DE LA CLASIFICACIÓN DECIMAL DEWEY
Númeroo de clasificación 658.152
100 1# - PUNTO DE ACCESO PRINCIPAL-NOMBRE DE PERSONA
9 (RLIN) 50245
Nombre de persona Rodríguez Aranday, Fernando
245 10 - MENCIÓN DE TÍTULO
Título Formulación y evaluación de proyectos de inversión
Resto del título : una propuesta metodológica
Mención de responsabilidad, etc. Fernando Rodríguez Aranday
250 ## - MENCIÓN DE EDICIÓN
Mención de edición 1ª ed., 1ª reimp
260 ## - PUBLICACIÓN, DISTRIBUCIÓN, ETC. (PIE DE IMPRENTA)
Lugar de publicación, distribución, etc. México, D.F.
Nombre del editor, distribuidor, etc. Instituto Mexicano de Contadores Públicos
Fecha de publicación, distribución, etc. 2019
300 ## - DESCRIPCIÓN FÍSICA
Extensión 125 p.
Dimensiones 27 cm
490 ## - MENCIÓN DE SERIE
Mención de serie Finanzas
650 24 - PUNTO DE ACCESO ADICIONAL DE MATERIA - TÉRMINO DE MATERIA
9 (RLIN) 6014
Término de materia o nombre geográfico como elemento inicial Evaluación de proyectos
650 20 - PUNTO DE ACCESO ADICIONAL DE MATERIA - TÉRMINO DE MATERIA
9 (RLIN) 5916
Término de materia o nombre geográfico como elemento inicial Inversiones
942 ## - ENTRADA DE ELEMENTOS AGREGADOS (KOHA)
Fuente de clasificaión o esquema Dewey Decimal Classification
Koha [por defecto] tipo de item 1- Monografias
Existencias
Suprimido Perdido Fuente de clasificación o esquema Estropeado Restricciones de uso No para préstamo Código de colección Localización permanente Localización actual Localización en estanter&íacute;as Fecha adquisición Fuente de adquisición Número de inventario Préstamos totales Signatura completa Código de barras Fecha última consulta Coste, precio reemplazado Fecha del precio de reemplazo Tipo de item de Koha Prestado Fecha último préstamo
NULL NULL Dewey Decimal Classification NULL Prestable NULL NULL Biblioteca Miguel de Cervantes - UNICAES Biblioteca Miguel de Cervantes - UNICAES Sala Principal 18/12/2025 Compra-F. de C.C. Empresariales 036692   658.152 ROD for 1054285 11/03/2026 33.00 11/03/2026 1- Monografias    
NULL NULL Dewey Decimal Classification NULL Prestable NULL NULL Biblioteca Miguel de Cervantes - UNICAES Biblioteca Miguel de Cervantes - UNICAES Sala Principal 18/12/2025 Compra-F. de C.C. Empresariales 036693   658.152 ROD for 1054286 11/03/2026 33.00 11/03/2026 1- Monografias    
NULL NULL Dewey Decimal Classification NULL Prestable NULL NULL Biblioteca Miguel de Cervantes - UNICAES Biblioteca Miguel de Cervantes - UNICAES Sala Principal 18/12/2025 Compra-F. de C.C. Empresariales 036694 1 658.152 ROD 1054287 19/05/2026 33.00 11/03/2026 1- Monografias 02/06/2026 19/05/2026